000 nam a22 7a 4500
999 _c174672
_d174672
003 Nust
005 20170206162402.0
008 170206b xxu||||| |||| 00| 0 eng d
040 _c0
050 _a628 NAB
082 _a628 NAB
100 _aNabi,Deedar
245 _aSynthesis Of TiO2-Based Nanomaterials And Their Application in Arsenic Removal From Drinking Water
_cDeedar Nabi
260 _aRawalpindi
_bIESE (SCEE) NUST
_c2007.
300 _a88 p.
_bHB.
440 _aMS Environmental Engineering
500 _aThesis MS EE
650 _aEnvironmental Engineering
700 _4Dr. Ishtiaq A Qazi (Supervisor)
942 _2ddc
_cTHE
_kIESE